Stanovenie cieľov vo finančnom plánovaní podniku bakalárska práca

Enregistré dans:
Détails bibliographiques
Auteur principal: Comissová, Viktória
Collectivité auteur: Národohospodárska fakulta EU. Katedra financií
Autres auteurs: Belanová, Katarína, 1978-
Format: Livre
Langue:slovaque
Publié: Bratislava 2022
Tags: Ajouter un tag
Pas de tags, Soyez le premier à ajouter un tag!

MARC

LEADER 00000nbm a2200000 4500
001 0284921
005 20221021083952.5
041 0 |a slo 
044 |a SK 
245 1 0 |a Stanovenie cieľov vo finančnom plánovaní podniku  |b bakalárska práca  |c Viktória Comissová ; školiteľ: Katarína Belanová 
264 1 |a Bratislava  |c 2022 
300 |a 50 s. 
100 1 |a Comissová, Viktória 
700 1 |a Belanová, Katarína, 1978- 
710 2 |a Národohospodárska fakulta EU. Katedra financií